Statistics for Name that Nut, Seed, or Bean

Click here to take the quiz!

General Stats

  • This quiz has been taken 42,274 times
  • The average score is 13 of 16

Answer Stats

Answer% Correct
Coconut
98%
Peanut
98%
Almond
94%
Pistachio
92%
Cashew
91%
Walnut
91%
Sunflower Seed
82%
Acorn
81%
Chick Pea
76%
Kidney Bean
74%
Pumpkin Seed
73%
Hazelnut
70%
Pecan
65%
Chestnut
59%
Brazil Nut
55%
Soybean
54%

Score Distribution

Percentile by Number Answered

Percent of People with Each Score

Your Score History

You have not taken this quiz